Prénoms espagnols (click quiz) - Statistiques

Statistiques générales
  • Ce quiz a été pris 143 fois
  • Le résultat moyen est 8 sur 8
Statistiques - réponses
Hint Réponse % Correct
Clara Claire
98%
Concepción Conception
98%
Domingo Dimanche
98%
Dolorès Douleurs
98%
Ambrosia Ambre
97%
Candido Candide
97%
Luz Lumière
96%
Consuelo Réconfort
91%
Aucun quiz correspondant
Distribution des résultats
% des personnes avec chaque résultat
Percentile par nombre de réponses
Votre historique - résultats
Vous n’avez pas pris ce quiz